[Event "SG Bochum 2 - SV Letmathe 1"]
[Site "NRW-Klasse, Gruppe 1 2010/201"]
[Date "2010.12.19"]
[Round "4.6"]
[White "Mazarov, Juergen"]
[Black "Haude, Ruediger"]
[Result "0-1"]
[WhiteElo "2117"]
[BlackElo "2080"]
[Annotator ",Daniel"]
[PlyCount "160"]
[EventDate "2010.??.??"]

1. e4 c5 2. Nf3 e6 3. d4 cxd4 4. Nxd4 a6 5. Bd3 Qc7 6. Nc3 Nf6 7. O-O Be7 8.
Qe2 d6 9. f4 Nc6 10. Nxc6 bxc6 11. Kh1 d5 12. b3 Bb7 13. Bb2 Nd7 14. Na4 Bf6
15. e5 Be7 16. f5 exf5 17. e6 Nf6 18. exf7+ Kxf7 19. Bxf5 Bc8 20. Bxc8 Rhxc8
21. Rad1 Re8 22. Qh5+ Kg8 23. Bxf6 gxf6 24. Rf3 Rf8 25. Rh3 Bd6 26. Rh4 Be5 27.
Nc5 Rf7 28. Ne6 Qe7 29. Nd4 Qb4 30. Nf3 Qd6 31. Rg4+ Kf8 32. Nh4 Raa7 33. Nf5
Qc5 34. Qh6+ Ke8 35. Rg8+ Kd7 36. Qh3 Kc7 37. Ng7 Qf2 38. Rg1 Kb6 39. Nf5 Rab7
40. Ra8 Rfd7 41. Qd3 Ra7 42. Re8 Qf4 $11 43. g3 Qg4 44. Qe3+ d4 45. Qd3 Qg6 46.
Re6 Rac7 47. Rf1 Qf7 48. Qc4 Qf8 49. b4 Kb7 50. a4 Qd8 51. Rb1 Rd5 52. b5 cxb5
53. Qd3 Rdc5 54. Ne3 Qd7 55. Qe4+ Ka7 56. axb5 Rxb5 57. Rxb5 axb5 58. Nd5 Rb7
59. Rxe5 fxe5 60. Qxe5 Qg4 61. Kg2 Qd1 62. Qe4 Rf7 63. Nf4 Rc7 64. Kh3 Qf1+ 65.
Kh4 Qf2 66. h3 Qe3 67. Qd5 Qe7+ 68. Kg4 Qd7+ 69. Qxd7 Rxd7 70. Kh5 Kb6 71. Kh6
Kc5 72. g4 Kc4 73. Nh5 Kc3 74. Nf6 Rf7 75. g5 Kxc2 76. Nxh7 d3 77. g6 Re7 78.
Nf6 d2 79. Nd5 Re6 80. Nf4 Rxg6+ 0-1

[Event "SG Bochum 2 - SV Letmathe 1"]
[Site "NRW-Klasse, Gruppe 1 2010/201"]
[Date "2010.12.19"]
[Round "4.7"]
[White "Weyrauch, Erich"]
[Black "Kelbling, Philipp"]
[Result "0-1"]
[WhiteElo "2005"]
[BlackElo "2112"]
[PlyCount "82"]
[EventDate "2010.??.??"]

1. d4 Nf6 2. c4 e6 3. Nc3 Bb4 4. Qc2 O-O 5. Nf3 d5 6. e3 c5 7. a3 cxd4 8. axb4
dxc3 9. bxc3 Qc7 10. c5 b6 11. cxb6 Qxb6 12. Bb2 Nbd7 13. Be2 Bb7 14. O-O Rfc8
15. Ra4 a5 16. b5 Nc5 17. Rh4 Nce4 18. Bd3 g5 19. Rh6 Kg7 20. Rxf6 Nxf6 21.
Nxg5 e5 22. Bxh7 Rh8 23. Bf5 Rh5 24. Nf3 e4 25. Nd4 Qd6 26. h3 Qe5 27. f4 Qc7
28. Qf2 Bc8 29. Qg3+ Kh8 30. Bxc8 Rxc8 31. c4 Rg8 32. Ne6 fxe6 33. Bxf6+ Kh7
34. Bg5 Rgxg5 35. Qf2 Rg7 36. cxd5 exd5 37. Kh2 Rh6 38. Qd2 Qc4 39. Rd1 Qxb5
40. Qa2 Qc4 41. Qxa5 Rxg2+ 0-1

[Event "SG Bochum 2 - SV Letmathe 1"]
[Site "NRW-Klasse, Gruppe 1 2010/201"]
[Date "2010.12.19"]
[Round "4.8"]
[White "Werrn, Pascal"]
[Black "Hunold, Rolf"]
[Result "0-1"]
[WhiteElo "1929"]
[BlackElo "1958"]
[PlyCount "104"]
[EventDate "2010.??.??"]

1. e4 c5 2. Nf3 e6 3. d4 cxd4 4. Nxd4 a6 5. Bd3 Qc7 6. O-O Nf6 7. Nc3 Nc6 8.
Nxc6 dxc6 9. f4 e5 10. f5 h5 11. Bg5 Be7 12. Kh1 Ng4 13. Qd2 Qd8 14. Bxe7 Qxe7
15. h3 Nf6 16. a4 Bd7 17. a5 Rd8 18. Rfd1 h4 19. Be2 Nh5 20. Bxh5 Rxh5 21. Qe3
Rh6 22. Qb6 Bc8 23. Rxd8+ Qxd8 24. Qxd8+ Kxd8 25. Rd1+ Kc7 26. Na4 g6 27. f6 g5
28. Rf1 Rg6 29. b4 g4 30. hxg4 Rxg4 31. Nc5 b6 32. axb6+ Kxb6 33. c4 a5 34.
Na4+ Ka6 35. Ra1 axb4 36. c5 Kb5 37. Nb2 Rxe4 38. Ra8 Be6 39. Rb8+ Ka5 40. Ra8+
Kb5 41. Rb8+ Ka6 42. Nd3 Ka5 43. Re8 Bd5 44. Nxe5 h3 45. Ra8+ Kb5 46. Rb8+ Ka4
47. Nd3 hxg2+ 48. Kg1 Rd4 49. Ra8+ Kb3 50. Nc1+ Kc2 51. Ne2 Rd1+ 52. Kf2 Rf1+
0-1

[Event "SC Hansa Dortmund 2 - LSV Turm Lippstad"]
[Site "NRW-Klasse, Gruppe 1 2010/201"]
[Date "2010.12.19"]
[Round "4.1"]
[White "Wehmeier, Stefan"]
[Black "Karger, Frank"]
[Result "1/2-1/2"]
[WhiteElo "2445"]
[BlackElo "2214"]
[Annotator ",Daniel"]
[PlyCount "119"]
[EventDate "2010.??.??"]

1. e4 c5 2. Nf3 e6 3. c4 b6 4. d4 cxd4 5. Nxd4 Bb7 6. Bd3 d6 7. O-O Nf6 8. Nc3
Nbd7 9. Qe2 Be7 10. f4 O-O 11. b3 g6 12. Nf3 a6 13. Bb2 Qc7 14. Rae1 Rfe8 15.
Ng5 Nh5 16. Kh1 Nxf4 17. Nxf7 Kxf7 18. Rxf4+ Kg8 19. Qg4 Bf6 20. Qh3 Bg7 21.
Ref1 Ne5 22. Be2 Bc6 23. Nd1 g5 24. R4f2 Bxe4 25. Qe3 Qc6 26. Qxg5 Kh8 27. Ne3
Rg8 28. Qh5 Bg6 29. Qh3 Rae8 30. Ng4 Nxg4 31. Bxg7+ Kxg7 32. Bxg4 Qe4 33. Qc3+
e5 34. Bf3 Qd4 35. Qxd4 exd4 36. Kg1 Rgf8 37. Rd2 d3 38. Kf2 Re5 39. Re1 Rfe8
40. Rxe5 Rxe5 41. g4 Kf6 42. h4 h6 43. Bg2 b5 44. Bf1 bxc4 45. bxc4 Ra5 $11 46.
Bxd3 Bxd3 47. Rxd3 Rxa2+ 48. Kg3 Ke6 49. Rd5 Ra3+ 50. Kf4 Rc3 51. Rh5 Rxc4+ 52.
Kf3 Rc3+ 53. Ke2 a5 54. Rxh6+ Ke5 55. Rh8 a4 56. h5 Kf4 57. h6 Kg5 58. h7 Kg6
59. Ra8 Kxh7 60. Rxa4 1/2-1/2

[Event "SC Hansa Dortmund 2 - LSV Turm Lippstad"]
[Site "NRW-Klasse, Gruppe 1 2010/201"]
[Date "2010.12.19"]
[Round "4.2"]
[White "Heinzel, Olaf"]
[Black "Matthias, Heiner"]
[Result "1-0"]
[WhiteElo "2289"]
[BlackElo "2351"]
[PlyCount "129"]
[EventDate "2010.??.??"]

1. d4 Nf6 2. Bg5 e6 3. Nf3 h6 4. Bh4 g5 5. Bg3 Nh5 6. Be5 f6 7. Qd3 Kf7 8. g4
Ng7 9. h4 Nc6 10. Bg3 Bd6 11. Bxd6 cxd6 12. Nbd2 d5 13. hxg5 hxg5 14. Rxh8 Qxh8
15. e4 Qd8 16. exd5 exd5 17. O-O-O d6 18. Qb3 Ne7 19. Be2 Qb6 20. Qe3 Bd7 21.
Rh1 Ng6 22. Nb3 Nf4 23. Bd1 a5 24. Kb1 a4 25. Nc1 a3 26. b3 Re8 27. Qd2 Re4 28.
c3 Qd8 29. Ne1 Bb5 30. Nc2 Qa5 31. Nb4 Re8 32. Bf3 Bd7 33. Ncd3 Nxd3 34. Bxd5+
Be6 35. Bxe6+ Rxe6 36. Qxd3 d5 37. Qf3 Re4 38. Nd3 Qd8 39. Ne5+ Ke6 40. Nd3 Kf7
41. Re1 Rxe1+ 42. Nxe1 Qd6 43. Nc2 Ne6 44. Qf5 Qa6 45. Qh7+ Kf8 46. Qh1 Nf4 47.
Qd1 Kf7 48. Ne3 Kf8 49. Qd2 Kf7 50. Qc2 Kf8 51. Qd1 Kg7 52. c4 dxc4 53. bxc4
Qa5 54. Kc2 b5 55. Qb1 b4 56. Nf5+ Kg8 57. Kb3 Qa8 58. d5 Qe8 59. Qd1 Qe5 60.
Qd4 Qe2 61. Qxf6 Qd1+ 62. Kxb4 Qd2+ 63. Ka4 Qc2+ 64. Ka5 Qd2+ 65. Ka6 1-0

[Event "SC Hansa Dortmund 2 - LSV Turm Lippstad"]
[Site "NRW-Klasse, Gruppe 1 2010/201"]
[Date "2010.12.19"]
[Round "4.3"]
[White "Fecke, Andreas"]
[Black "Ackermann, Hans Werner"]
[Result "0-1"]
[WhiteElo "2076"]
[BlackElo "2236"]
[PlyCount "64"]
[EventDate "2010.??.??"]

1. e4 c5 2. Nf3 a6 3. a4 Nc6 4. d3 e6 5. Be2 d5 6. Nbd2 Bd6 7. O-O Nge7 8. Re1
O-O 9. c3 Qc7 10. Bf1 b6 11. Qe2 Ng6 12. g3 Bb7 13. Bh3 Qd8 14. Nf1 Be7 15. e5
d4 16. c4 Nb4 17. Bg2 Rb8 18. h4 Re8 19. N1h2 Bc6 20. Ng5 Qd7 21. h5 Nxe5 22.
Qxe5 Nxd3 23. Bxc6 Qxc6 24. Qe4 Qxe4 25. Rxe4 Nxc1 26. Nxe6 Nb3 27. Ra3 Nd2 28.
Re2 Nxc4 29. Rb3 fxe6 30. Rxe6 Bf6 31. Rxe8+ Rxe8 32. Kf1 Nd2+ 0-1

[Event "SC Hansa Dortmund 2 - LSV Turm Lippstad"]
[Site "NRW-Klasse, Gruppe 1 2010/201"]
[Date "2010.12.19"]
[Round "4.4"]
[White "Kotter, Ralf"]
[Black "Roemhild, Marcus"]
[Result "0-1"]
[WhiteElo "2220"]
[BlackElo "1997"]
[PlyCount "126"]
[EventDate "2010.??.??"]

1. e4 c5 2. Nf3 g6 3. d4 cxd4 4. Nxd4 Nc6 5. c4 Nf6 6. Nc3 d6 7. Be2 Nxd4 8.
Qxd4 Bg7 9. Be3 O-O 10. Qd2 Be6 11. Rc1 Qa5 12. f3 Rfc8 13. b3 a6 14. Nd5 Qxd2+
15. Kxd2 Nxd5 16. cxd5 Bd7 17. a4 Bb2 18. Rc2 Ba3 19. Bd4 Rxc2+ 20. Kxc2 Rc8+
21. Kb1 e5 22. dxe6 Bxe6 23. Bd1 d5 24. Ka2 Bb4 25. exd5 Bxd5 26. Kb2 Kf8 27.
Bc2 Re8 28. Bd3 Re1 29. Rxe1 Bxe1 30. Bc3 Bf2 31. b4 Ke7 32. Kc2 Kd6 33. Bd2
Bd4 34. Bc3 Bg1 35. h3 Be3 36. Be2 Bf4 37. Kd3 Bb3 38. b5 Kd5 39. bxa6 bxa6 40.
g3 Bc4+ 41. Kc2 Bxg3 42. Bd3 f5 43. Bf6 Bf2 44. Bd8 Be3 45. Bc7 Bg5 46. Bb6 Bf6
47. Bc7 Bxd3+ 48. Kxd3 g5 49. Ba5 h5 50. Bc7 Kc6 51. Ba5 Kc5 52. Bd2 Kd5 53.
Ba5 g4 54. fxg4 fxg4 55. hxg4 hxg4 56. Ke3 Be5 57. Bd8 Bd6 58. Ba5 Kc4 59. Bd8
Kb4 60. a5 Kc4 61. Bb6 Kd5 62. Bd8 Kc6 63. Ke4 Bc7 0-1

[Event "SC Hansa Dortmund 2 - LSV Turm Lippstad"]
[Site "NRW-Klasse, Gruppe 1 2010/201"]
[Date "2010.12.19"]
[Round "4.5"]
[White "Grobbel, Rainer"]
[Black "Rumpf, Thomas"]
[Result "1-0"]
[WhiteElo "2085"]
[BlackElo "2101"]
[PlyCount "49"]
[EventDate "2010.??.??"]

1. d4 Nf6 2. Nf3 g6 3. c4 Bg7 4. Nc3 d5 5. cxd5 Nxd5 6. e4 Nxc3 7. bxc3 c5 8.
Be3 Qa5 9. Qd2 Nc6 10. Rc1 O-O 11. d5 Rd8 12. Be2 f5 13. O-O fxe4 14. Ng5 e6
15. d6 b6 16. Nxe4 Ba6 17. Bg5 Rf8 18. Rfe1 Bxe2 19. Rxe2 c4 20. Rd1 Rf5 21.
Qe3 Bxc3 22. Nxc3 Rxg5 23. Qxe6+ Kg7 24. Qd7+ Kh6 25. Qxc6 1-0

[Event "SC Hansa Dortmund 2 - LSV Turm Lippstad"]
[Site "NRW-Klasse, Gruppe 1 2010/201"]
[Date "2010.12.19"]
[Round "4.6"]
[White "Linker, Walter"]
[Black "Chapman, Alan"]
[Result "0-1"]
[WhiteElo "2074"]
[BlackElo "1967"]
[PlyCount "68"]
[EventDate "2010.??.??"]

1. b3 e5 2. Bb2 d6 3. e3 c6 4. c4 f5 5. d4 e4 6. Nc3 Nf6 7. Be2 Be7 8. Nh3 O-O
9. O-O Na6 10. d5 Qe8 11. Qd2 Bd7 12. a3 Nc5 13. dxc6 bxc6 14. Qc2 Ne6 15. b4
a5 16. b5 cxb5 17. Nxb5 Rc8 18. Qd2 d5 19. Na7 Rc5 20. Nb5 dxc4 21. Nd4 Nd5 22.
Rfc1 Qc8 23. Nxe6 Bxe6 24. Bd4 c3 25. Qc2 Rc6 26. Qa4 Bd6 27. Ng5 f4 28. Nxe6
Qxe6 29. g3 fxg3 30. hxg3 Ne7 31. Rxc3 Bxg3 32. fxg3 Qh3 33. Be5 Rh6 34. Bf4
Qh1+ 0-1

[Event "SC Hansa Dortmund 2 - LSV Turm Lippstad"]
[Site "NRW-Klasse, Gruppe 1 2010/201"]
[Date "2010.12.19"]
[Round "4.7"]
[White "Tran, Duc Cuong"]
[Black "Babar, Michael"]
[Result "1-0"]
[WhiteElo "1948"]
[BlackElo "2163"]
[Annotator ",Daniel"]
[PlyCount "93"]
[EventDate "2010.??.??"]

1. d4 f5 2. Bg5 g6 3. Nd2 d5 4. c4 c6 5. e3 Bg7 6. Rc1 h6 7. Bh4 Nf6 8. cxd5
Qxd5 9. Ngf3 Qxa2 10. Nc4 b5 11. Ra1 Qxa1 12. Qxa1 bxc4 13. Bxc4 Nd5 14. Qa5
Be6 $11 15. Bxd5 cxd5 16. O-O Nd7 17. Rc1 Kf7 18. h3 Rhb8 19. Rc2 Rb7 20. Bg3
Bf6 21. b4 Nb6 22. Qa6 Rd7 23. Rc6 Rg8 24. Bc7 Nc8 25. Nd2 Nd6 26. Nb3 Rc8 27.
Ba5 Rxc6 28. Qxc6 Rb7 29. Nc5 Rb8 30. Qa6 Ra8 31. Bc7 Rc8 32. Bxd6 exd6 33.
Qxd6 Re8 34. Nxe6 Rxe6 35. Qxd5 Be7 36. Qc4 Kf6 37. d5 Rd6 38. f3 Bd8 39. Kf1
Bb6 40. e4 fxe4 41. fxe4 Ke5 42. Ke2 Rf6 43. Kd3 Rf2 44. Qc3+ Kf4 45. Qf6+ Kg3
46. Qxg6+ Kh2 47. e5 1-0

[Event "SC Hansa Dortmund 2 - LSV Turm Lippstad"]
[Site "NRW-Klasse, Gruppe 1 2010/201"]
[Date "2010.12.19"]
[Round "4.8"]
[White "Burchert, Wolfgang"]
[Black "Wagner, Alexey"]
[Result "1/2-1/2"]
[WhiteElo "2097"]
[BlackElo "2045"]
[PlyCount "74"]
[EventDate "2010.??.??"]

1. e4 c5 2. Nf3 d6 3. d4 cxd4 4. Nxd4 Nf6 5. Nc3 a6 6. h3 e5 7. Nde2 Be6 8. g4
d5 9. exd5 Nxd5 10. Bg2 Nxc3 11. Qxd8+ Kxd8 12. Nxc3 Nc6 13. Be3 Rc8 14. O-O-O+
Kc7 15. f4 f6 16. fxe5 Nxe5 17. Nd5+ Kb8 18. Rhe1 Bc5 19. Bf4 Bd6 20. Kb1 Bxd5
21. Bxd5 Rcd8 22. c4 Ng6 23. Bxd6+ Rxd6 24. c5 Rd7 25. c6 bxc6 26. Bxc6 Rxd1+
27. Rxd1 Ne5 28. Bg2 h5 29. gxh5 Rxh5 30. Rd8+ Kc7 31. Ra8 Rg5 32. Be4 Nc4 33.
Kc2 a5 34. Kc3 Nd6 35. Bd3 Kb7 36. Rd8 Kc7 37. Ra8 Kb7 1/2-1/2

[Event "SK Turm Emsdetten 2 - SG Solingen 3"]
[Site "NRW-Klasse, Gruppe 1 2010/201"]
[Date "2010.12.19"]
[Round "4.1"]
[White "Gupta, Milon"]
[Black "Pruijssers, Roeland"]
[Result "0-1"]
[WhiteElo "2243"]
[BlackElo "2516"]
[PlyCount "86"]
[EventDate "2010.??.??"]

1. d4 Nf6 2. c4 g6 3. g3 Bg7 4. Bg2 O-O 5. Nc3 d6 6. Nf3 Nbd7 7. O-O e5 8. e4
a6 9. Qc2 exd4 10. Nxd4 Re8 11. Rd1 Qe7 12. Bf4 Nc5 13. Bg5 c6 14. Qd2 Qc7 15.
f3 Nfd7 16. Be3 Ne5 17. Bf1 f5 18. b4 Ne6 19. Kg2 Nxd4 20. Bxd4 fxe4 21. Nxe4
Nxf3 22. Kxf3 Bg4+ 23. Kxg4 Rxe4+ 24. Kh3 Rxd4 25. Qc2 Rf8 26. Kg2 Qf7 27. Qe2
Re8 28. Qf3 Qe6 29. Rac1 Rf8 30. Qe2 Re4 31. Qd3 Re3 32. Qxd6 Qe4+ 33. Kg1 Re1
34. Rxe1 Bd4+ 35. Qxd4 Qxd4+ 36. Kh1 Qb2 37. Rb1 Qxa2 38. Ra1 Qd2 39. Red1 Qxb4
40. Rab1 Qc3 41. Kg1 Rf7 42. Rd8+ Kg7 43. Rbd1 a5 0-1

[Event "SK Turm Emsdetten 2 - SG Solingen 3"]
[Site "NRW-Klasse, Gruppe 1 2010/201"]
[Date "2010.12.19"]
[Round "4.2"]
[White "Kabatianski, Alexander"]
[Black "Auer, Martin"]
[Result "1-0"]
[WhiteElo "2397"]
[BlackElo "2236"]
[PlyCount "75"]
[EventDate "2010.??.??"]

1. d4 f5 2. g3 Nf6 3. Bg2 g6 4. Nh3 Bg7 5. c4 d6 6. d5 Nbd7 7. O-O O-O 8. Qc2
Ne5 9. b3 c5 10. dxc6 Nxc6 11. Bb2 Qb6 12. Nc3 e5 13. Rad1 Nd4 14. Qd3 Ng4 15.
e3 e4 16. Qd2 Ne6 17. Na4 Qd8 18. Qxd6 Qxd6 19. Rxd6 Ne5 20. Rfd1 Rb8 21. Nf4
Nxf4 22. gxf4 Nf7 23. Bxg7 Kxg7 24. R6d4 b6 25. f3 exf3 26. Bxf3 Be6 27. Nc3
Rfe8 28. Kf2 Re7 29. R1d2 Rbe8 30. a4 Kf6 31. Nb5 Bc8 32. Nc3 Be6 33. Nb5 Bc8
34. Bc6 Rg8 35. Bd7 g5 36. Nxa7 gxf4 37. exf4 Bb7 38. Bc6 1-0

[Event "SK Turm Emsdetten 2 - SG Solingen 3"]
[Site "NRW-Klasse, Gruppe 1 2010/201"]
[Date "2010.12.19"]
[Round "4.3"]
[White "Scheffner, Axel"]
[Black "Richter, Christian"]
[Result "1/2-1/2"]
[WhiteElo "2251"]
[BlackElo "2334"]
[Annotator ",Daniel"]
[PlyCount "111"]
[EventDate "2010.??.??"]

1. d4 Nf6 2. c4 g6 3. Nc3 Bg7 4. e4 d6 5. Be2 O-O 6. Bg5 Na6 7. Qd2 c6 8. h4 e5
9. d5 Nc5 10. f3 cxd5 11. Nxd5 Ne6 12. Be3 Nd4 13. Bd3 Be6 14. Ne2 Bxd5 15.
cxd5 Nd7 16. Rd1 Rc8 17. Bb1 Bf6 18. h5 Nb6 19. b3 Nxe2 20. Kxe2 Qc7 21. Rc1
Qd7 22. hxg6 fxg6 23. Qb4 $11 Rxc1 24. Rxc1 Rc8 25. Rxc8+ Nxc8 26. Bd3 Bd8 27.
Qb5 Qe7 28. Qc4 Bc7 29. a4 Qd8 30. Qb5 Bb6 31. Bxb6 axb6 32. Qc4 Ne7 33. Qc1
Kg7 34. Qg5 Qc7 35. Kd2 Ng8 36. Qe3 Nf6 37. g3 Nh5 38. f4 Nf6 39. fxe5 Ng4 40.
exd6 Qxd6 41. Qf4 Ne5 42. Ke2 h5 43. Bb5 Qe7 44. Kf1 Qc7 45. Bc4 Qe7 46. Kg2
Qd6 47. Bb5 Qc7 48. Bc4 Qd6 49. Be2 Qc7 50. Qd2 Qd6 51. Qc3 Kf6 52. Qc8 Qe7 53.
Qc3 Qd6 54. Qd2 Kg7 55. Qd4 Kf6 56. Qc3 1/2-1/2

[Event "SK Turm Emsdetten 2 - SG Solingen 3"]
[Site "NRW-Klasse, Gruppe 1 2010/201"]
[Date "2010.12.19"]
[Round "4.4"]
[White "Kuipers, Stefan"]
[Black "Hubert, Ralf"]
[Result "1/2-1/2"]
[WhiteElo "2367"]
[BlackElo "2219"]
[Annotator ",Daniel"]
[PlyCount "150"]
[EventDate "2010.??.??"]

1. e4 c5 2. Nf3 d6 3. d4 cxd4 4. Nxd4 Nf6 5. Nc3 g6 6. Be3 Bg7 7. f3 O-O 8. Qd2
Nc6 9. Bc4 Qa5 10. O-O-O Bd7 11. Kb1 Ne5 12. Bb3 Rfc8 13. Bg5 Rxc3 14. Qxc3
Qxc3 15. bxc3 Rc8 16. Ne2 Bb5 17. Nf4 Ned7 18. Rhe1 Kf8 19. Nd5 Nxd5 20. exd5
f6 21. Be3 Rxc3 22. a4 Ba6 23. Bxa7 b6 24. a5 bxa5 25. Bd4 Rc7 26. Kb2 Rb7 27.
Ra1 Nb6 28. Kc1 a4 29. Bxb6 Rxb6 30. Rxa4 f5 31. g4 fxg4 32. fxg4 Be5 33. Rxe5
dxe5 34. g5 Ke8 35. Rh4 Bc8 36. Rxh7 Rb4 37. Kb2 Bf5 38. Rh8+ Kd7 39. c4 e4 40.
Kc3 e3 41. Ra8 e2 42. Ra1 Rb8 43. Re1 Bg4 44. h3 Bh5 45. c5 Rf8 46. Ba4+ Kc7
47. Bb5 Rf5 48. Kd4 Bf3 49. Bxe2 Rxd5+ 50. Ke3 Bxe2 51. Rxe2 Rxg5 52. Kd4 Kd7
$11 53. Re5 Rg3 54. h4 Rg1 55. Rd5+ Kc7 56. Re5 Rd1+ 57. Ke4 Rh1 58. Kd5 Rd1+
59. Kc4 Rc1+ 60. Kd4 Rd1+ 61. Ke3 Rh1 62. Re4 Kc6 63. Rc4 Rh3+ 64. Kf2 e5 65.
Ke2 Ra3 66. Kd2 Kd5 67. Rc1 Ra6 68. Ke3 Ra3+ 69. Ke2 Kc6 70. Rc4 Kd5 71. Rc1
Kc6 72. Rc4 Kd5 73. Rc1 Kc6 74. Rc4 Kd5 75. Rc1 Kc6 1/2-1/2

[Event "SK Turm Emsdetten 2 - SG Solingen 3"]
[Site "NRW-Klasse, Gruppe 1 2010/201"]
[Date "2010.12.19"]
[Round "4.5"]
[White "Hobusch, Alexander"]
[Black "Smit, Erik"]
[Result "1/2-1/2"]
[WhiteElo "2170"]
[BlackElo "2226"]
[PlyCount "78"]
[EventDate "2010.??.??"]

1. d4 d5 2. Nf3 Nf6 3. c4 e6 4. Nc3 Be7 5. cxd5 exd5 6. Bg5 O-O 7. e3 c6 8. Qc2
Nbd7 9. Bd3 Re8 10. h3 Nf8 11. O-O Ne4 12. Bf4 Ng5 13. Bxg5 Bxg5 14. b4 Ng6 15.
b5 Be7 16. bxc6 bxc6 17. Na4 Bd7 18. Nc5 Bxc5 19. Qxc5 Nh4 20. Nxh4 Qxh4 21.
Rfb1 Qg5 22. Kf1 Bf5 23. Bxf5 Qxf5 24. Kg1 Qd7 25. Rb3 Rab8 26. Rc1 Rbc8 27.
Qa5 h6 28. Rc5 Re6 29. Qa6 Re7 30. Rbc3 Re6 31. Rxd5 Qxd5 32. Qxc8+ Kh7 33. Qc7
Rg6 34. g3 Rf6 35. Rc2 Qb5 36. Kg2 Qb1 37. Rd2 Qb4 38. Rc2 Qb1 39. Rd2 Qb4
1/2-1/2

[Event "SK Turm Emsdetten 2 - SG Solingen 3"]
[Site "NRW-Klasse, Gruppe 1 2010/201"]
[Date "2010.12.19"]
[Round "4.6"]
[White "Rijnaarts, Sjef"]
[Black "Schockenbaeumer, Dirk"]
[Result "1-0"]
[WhiteElo "2259"]
[BlackElo "2109"]
[PlyCount "77"]
[EventDate "2010.??.??"]

1. e4 c5 2. Nf3 d6 3. d4 cxd4 4. Nxd4 Nf6 5. Nc3 a6 6. Bg5 e6 7. f4 b5 8. e5
dxe5 9. fxe5 Qc7 10. exf6 Qe5+ 11. Be2 Qxg5 12. O-O Ra7 13. Qd3 Rd7 14. Ne4 Qe5
15. Nf3 Rxd3 16. Nxe5 Rd4 17. Bd3 Bb7 18. fxg7 Bxg7 19. Nxf7 Bxe4 20. Bxe4 O-O
21. Ng5 h6 22. Bh7+ Kh8 23. Rxf8+ Bxf8 24. Nxe6 Bc5 25. Nxc5 Kxh7 26. Nb3 Re4
27. Kf2 Nc6 28. Re1 Rf4+ 29. Ke3 Rf6 30. Kd2 Nb4 31. c3 Nd5 32. Nd4 Nb6 33. b3
Nd5 34. g3 b4 35. cxb4 Nxb4 36. a3 Rd6 37. Kc3 Rxd4 38. Re7+ Kg8 39. Re8+ 1-0

[Event "SK Turm Emsdetten 2 - SG Solingen 3"]
[Site "NRW-Klasse, Gruppe 1 2010/201"]
[Date "2010.12.19"]
[Round "4.7"]
[White "Peschel, Andreas"]
[Black "Schudro, Vasili"]
[Result "1-0"]
[WhiteElo "2114"]
[BlackElo "2138"]
[PlyCount "37"]
[EventDate "2010.??.??"]

1. d4 d5 2. Nf3 Nf6 3. c4 e6 4. e3 c6 5. Nbd2 Nbd7 6. Bd3 Bd6 7. O-O O-O 8. e4
dxe4 9. Nxe4 Nxe4 10. Bxe4 f5 11. Bc2 e5 12. c5 Bc7 13. Bb3+ Kh8 14. Ng5 Nf6
15. dxe5 Nd5 16. Qh5 h6 17. Nf7+ Rxf7 18. Qxf7 Bxe5 19. Re1 1-0

[Event "SK Turm Emsdetten 2 - SG Solingen 3"]
[Site "NRW-Klasse, Gruppe 1 2010/201"]
[Date "2010.12.19"]
[Round "4.8"]
[White "Topp, Michael"]
[Black "Kniest, Oliver"]
[Result "1/2-1/2"]
[WhiteElo "1994"]
[BlackElo "2279"]
[PlyCount "104"]
[EventDate "2010.??.??"]

1. c4 c5 2. g3 g6 3. Bg2 Bg7 4. Nc3 Nc6 5. Nf3 e5 6. O-O Nge7 7. a3 O-O 8. Rb1
a5 9. Ne1 d6 10. Nc2 Be6 11. d3 d5 12. cxd5 Nxd5 13. Bd2 Rb8 14. b4 axb4 15.
axb4 Ncxb4 16. Nxb4 Nxb4 17. Ne4 Na6 18. Qa4 Bd5 19. Bg5 f6 20. Be3 Rf7 21.
Rfc1 Rc8 22. Qb5 Bf8 23. Qb6 Qxb6 24. Rxb6 Bc6 25. f4 exf4 26. Bxf4 Rd8 27. Be3
Re8 28. Kf2 Nb8 29. Rb2 Nd7 30. Bf4 Re6 31. Bh3 Re8 32. Bxd7 Bxd7 33. Rxb7 Bg4
34. Rb2 h6 35. Nd6 Bxd6 36. Bxd6 Rd7 37. Bxc5 Rd5 38. Rc4 h5 39. Bd4 Rd6 40. e3
Bf5 41. Rc7 Rc8 42. Rxc8+ Bxc8 43. Ra2 Ba6 44. Ke2 Rc6 45. Kd2 Kf7 46. Rb2 f5
47. h3 Bc8 48. Rb8 Ke7 49. Ra8 Kd7 50. Be5 Ra6 51. Rb8 Ra2+ 52. Bb2 Kc7 1/2-1/2

[Event "Brackweder SK 1 - SF Neuenkirchen 1"]
[Site "NRW-Klasse, Gruppe 1 2010/201"]
[Date "2010.12.19"]
[Round "4.1"]
[White "Muschik, Benedikt"]
[Black "Malcher, Werner"]
[Result "1/2-1/2"]
[WhiteElo "2239"]
[BlackElo "2303"]
[PlyCount "38"]
[EventDate "2010.??.??"]

1. d4 Nf6 2. Bf4 c5 3. e3 e6 4. c3 cxd4 5. exd4 b6 6. Nf3 Bb7 7. Bd3 Be7 8.
Nbd2 d6 9. h3 Nbd7 10. O-O O-O 11. Qe2 Re8 12. Nc4 Nf8 13. Bh2 Nd5 14. Ne3 Ng6
15. Nxd5 Bxd5 16. Bb5 Rf8 17. Ne1 Qc8 18. Ba6 Bb7 19. Bxb7 Qxb7 1/2-1/2

[Event "Brackweder SK 1 - SF Neuenkirchen 1"]
[Site "NRW-Klasse, Gruppe 1 2010/201"]
[Date "2010.12.19"]
[Round "4.2"]
[White "Olyschlaeger, Richard"]
[Black "Seegers, Hendrik"]
[Result "0-1"]
[WhiteElo "1921"]
[BlackElo "2157"]
[PlyCount "92"]
[EventDate "2010.??.??"]

1. Nf3 d5 2. g3 c5 3. Bg2 Nc6 4. d4 Nf6 5. O-O Bg4 6. Ne5 Bf5 7. e3 e6 8. c4
Bd6 9. Qa4 Qc7 10. Nxc6 Qxc6 11. Qxc6+ bxc6 12. Nc3 Bd3 13. Rd1 Bxc4 14. b3
cxd4 15. Rxd4 Ba6 16. Bb2 O-O 17. Ra4 Bb7 18. e4 Rfd8 19. Re1 Nd7 20. Rd4 e5
21. Rdd1 d4 22. Nb1 Bb4 23. Re2 a5 24. Rc2 a4 25. Rc4 Be7 26. Bf1 axb3 27. axb3
Ra2 28. Rd2 Rda8 29. f3 Nc5 30. Rb4 g6 31. Rg2 Bc8 32. Rb6 Bd7 33. Bc4 Bd8 34.
b4 Bxb6 35. Bxa2 Rxa2 36. bxc5 Bxc5 37. g4 f6 38. Kf1 h5 39. h3 hxg4 40. hxg4
Bb4 41. Rf2 c5 42. Bxd4 Bb5+ 43. Kg2 Rxf2+ 44. Bxf2 Bd3 45. Bxc5 Bxc5 46. Nc3
Bd4 0-1

[Event "Brackweder SK 1 - SF Neuenkirchen 1"]
[Site "NRW-Klasse, Gruppe 1 2010/201"]
[Date "2010.12.19"]
[Round "4.3"]
[White "Wilde, Pierre"]
[Black "Ehrlich, Tim"]
[Result "1-0"]
[WhiteElo "2215"]
[BlackElo "1976"]
[PlyCount "81"]
[EventDate "2010.??.??"]

1. d4 d5 2. c4 e6 3. Nc3 c6 4. cxd5 exd5 5. Bf4 Nf6 6. e3 Be7 7. Bd3 O-O 8. Qc2
Nbd7 9. Nf3 Re8 10. O-O Nf8 11. h3 Ng6 12. Bh2 a6 13. Rab1 Bd6 14. Bxd6 Qxd6
15. b4 Bd7 16. Na4 Rad8 17. Nc5 Bc8 18. a4 Nd7 19. Bf5 Qf6 20. Bxd7 Bxd7 21.
Nxd7 Rxd7 22. b5 axb5 23. axb5 h6 24. Rfc1 Rc8 25. Qd3 Rdc7 26. Rc5 Qd6 27.
bxc6 bxc6 28. Qa6 f5 29. g3 Qe6 30. Kh2 Kh7 31. Rbc1 Qd6 32. Qd3 Rf8 33. h4 h5
34. Ng5+ Kh6 35. Kg1 Rf6 36. Qb1 Nf8 37. Qb8 g6 38. Rxd5 Qxd5 39. Qxc7 Qd7 40.
Qe5 Kg7 41. d5 1-0

[Event "Brackweder SK 1 - SF Neuenkirchen 1"]
[Site "NRW-Klasse, Gruppe 1 2010/201"]
[Date "2010.12.19"]
[Round "4.5"]
[White "Rieke, Theo"]
[Black "Bykovskij, Sergej"]
[Result "1/2-1/2"]
[WhiteElo "2066"]
[BlackElo "2045"]
[PlyCount "83"]
[EventDate "2010.??.??"]

1. c4 e5 2. Nc3 Nc6 3. g3 g6 4. Bg2 Bg7 5. d3 f5 6. e3 Nf6 7. Nge2 d6 8. O-O
O-O 9. Rb1 a5 10. a3 g5 11. f4 h6 12. b4 axb4 13. axb4 Re8 14. b5 Ne7 15. Qb3
Kh7 16. Kh1 Ng6 17. Bd2 Ng4 18. Rbe1 exf4 19. exf4 gxf4 20. Nxf4 Rxe1 21. Bxe1
Ne3 22. Rf3 Nxf4 23. Rxe3 Bd4 24. Rf3 Qe7 25. Qd1 Nxg2 26. Kxg2 Qe5 27. Qd2 b6
28. Nd5 Bb7 29. Bf2 Bxd5 30. cxd5 Qxd5 31. Bxd4 Qxd4 32. Rxf5 Kg6 33. Qf4 Ra2+
34. Kh3 Qxf4 35. Rxf4 Rc2 36. Rc4 Rb2 37. Rxc7 Rxb5 38. Rc6 Rd5 39. Rxb6 Rxd3
40. Kg4 Rd4+ 41. Kf3 Kf5 42. Ke3 1/2-1/2

[Event "Brackweder SK 1 - SF Neuenkirchen 1"]
[Site "NRW-Klasse, Gruppe 1 2010/201"]
[Date "2010.12.19"]
[Round "4.6"]
[White "Willenberg, Max"]
[Black "Essing, Arnold"]
[Result "0-1"]
[WhiteElo "1952"]
[BlackElo "2180"]
[PlyCount "75"]
[EventDate "2010.??.??"]

1. e4 Nf6 2. e5 Nd5 3. d4 d6 4. Nf3 Nb6 5. Bd3 g6 6. Ng5 h6 7. Nf3 Bg7 8. Be3
Nc6 9. exd6 cxd6 10. h3 e5 11. dxe5 dxe5 12. Nc3 Nd5 13. Nxd5 Qxd5 14. Nd2 f5
15. Qf3 e4 16. Nxe4 fxe4 17. Bxe4 Qe6 18. Bd5 Nd4 19. Qe4 Qxe4 20. Bxe4 Bf5 21.
Bxd4 Bxd4 22. Bxb7 Bxb2 23. Bxa8 Bxa1 24. Kd2 Bd4 25. g4 Be6 26. Be4 Kf7 27. f4
Bxa2 28. f5 g5 29. h4 Bf6 30. hxg5 hxg5 31. Rd1 Rd8+ 32. Bd3 Bc4 33. Rb1 Rd7
34. Rb4 Bxd3 35. cxd3 Bd4 36. Ra4 Kf6 37. Ra6+ Bb6 38. Rxb6+ 0-1